000
00281nam a22001217a 4500
008
171013b xxu||||| |||| 00| 0 eng d
041
_a
eng
080
_2
8 ED
_a
316
100
_a
50
101
_a
SOC
245
_a
SOCIOLOGY A BRIEF INTRODUCTION
_c
SCAEFER.R.T
942
_2
udc
_c
BK
999
_c
33624
_d
33624